000 01060nam a2200301 i 4500
003 CO-BoRNBP
005 20250122095941.0
007 ta
008 250122s2024 Uy ag||| |||| 00| 0 eng d
020 _a9789915662800
040 _aCO-BoRNBP
_bspa
_cCO-BoRNBP
_erda
041 _aspa
084 _aC CUE
100 _aLake Press Pty
_eautor
_957625
245 1 0 _aDinosaurios/
_cLake Press Pty;
250 _aPrimera edición
264 4 _aMontevideo, Uruguay,
_b©Latinbooks International S.A.
_c2024
300 _a10 páginas,
_bilustraciones a color, Páginas De Cartón Troqueladas, libro sonoro,
_calto 27 cm ancho 21 cm
336 _2rdacontent
_atexto
_btxt
337 _2rdamedia
_asin mediación
_bn
338 _2rdacarrier
_avolumen
_bnc
490 _aAnimalia
_pPaleta de sonido
520 _aAprende Sobre Los Dinosaurios, Con Impactantes Imágenes Fotográficas Y Sonidos Asombrosos.
650 _2LEMB
_aLiteratura infantil
_92746
650 _2LEMB
_aCuento con sonidos
_957626
650 _2LEMB
_aDinosaurios
_94600
942 _2ddc
_cBKINF
999 _c56803
_d56803